| 000 | 02455nam a22003377a 4500 | ||
|---|---|---|---|
| 001 | 1725 | ||
| 003 | FISKH | ||
| 005 | 20231003161544.0 | ||
| 008 | 230920b cb ||||| |||| 00| 0 khr d | ||
| 020 | _a9789924341260 | ||
| 040 |
_aFISKH _beng _cFISKH _dFISKH |
||
| 082 | _a902 | ||
| 100 | _aYeong, Ye | ||
| 245 |
_a100 ហេតុការណ៍នៃប្រវត្តិសាស្រ្តពិភពលោក / _bពីបុនវុឌ្ឍិសម័យ រហូតដល់ការប្រកាសឯករាជ្យភាពរបស់អាមេរិក : _cនិពន្ធដោយ យេ យ៉ង, ស៊ីន ជេហ្វាន់ និង ឆាន់ ដុងហូ - គូររូបដោយ ស៊ីន ជេហ្វាន់ និង ឆង់ ដុហូ - បកប្រែពីភាសាកូរ៉េដោយ ទូច វណ្ដា |
||
| 260 |
_aPhnom Penh : _bSipar, _c2021. |
||
| 300 |
_a135 pages : _bcolor illustrations ; _c23 cm |
||
| 490 |
_aខ្ញុំចង់ដឹង _v4 |
||
| 505 | _aZ' | ||
| 520 | _aនៅក្នុងផ្នែកទី 4 នេះ អ្នកអាននឹងរៀនព្រឹត្តិការណ៍ប្រវត្តិសាស្ត្រជាច្រើននៅអឺរ៉ុបជាមួយរូបភាពថ្លុកកំប្លែងពីសម័យរចនាសម្ព័ន្ធ រួមទាំងជំងឺរាតត្បាត ការរកឃើញទ្វីបថ្មី និងព្រឹត្តិការណ៍សំខាន់ៗផ្សេងទៀតពីសតវត្សទី 14 ដល់សតវត្សទី 17 ។ | ||
| 520 | _aIn this 4th part, readers will learn many historical events in Europe with comic books from the Renaissance period, including epidemics, the discovery of a new continent, and other significant events from the 14th to the 17th centuries. | ||
| 521 | 8 |
_a1060
_bLexile estimate |
|
| 521 | 8 |
_aZ'
_bRaz-Plus |
|
| 650 |
_aHistorical _vDiscover _xEvent |
||
| 650 |
_aប្រវត្តសាស្រ្ត _vស្រាវជ្រាវ _xព្រឹត្តិការណ៍ |
||
| 700 |
_aJae-hwan, shin _eAuthor |
||
| 700 |
_aDong-ho, Jeong _eAuthor |
||
| 700 |
_aJae-hwan, shin _eillustrator |
||
| 700 |
_aDong-ho, Jeong _eillustrator |
||
| 700 |
_aVanda, Touch _eTranslator |
||
| 942 |
_2ddc _cKHB _n0 |
||
| 999 |
_c1725 _d1725 |
||